000 00498nam a2200157 i 4500
001 89175
003 ES-MaACL
005 20230906180108.0
007 t|
008 050105s1960 sp ||||1| spa d
100 1 _aLarrañaga, Adolfo de.
_970305
245 1 3 _aEl Arraunlari o las Regatas
_b: poema épico en siete cantos /
_cAdolfo de Larrañaga.
260 _a[S.l. :
_bs.n.,
_c1960] (
_eSan Sebastián :
_fValverde)
300 _a47 p. :
_bil. ;
_c23 cm.
852 _aES-MaACL
_j2020-F-8
_bR.47105
999 _c89175
_d89175